[Event "IECC M1-2008.T74"]
[Site "IECC email"]
[Date "2008.09.29"]
[Round "?"]
[White "Clare, Antony Ashley"]
[Black "Von Stein, Udo"]
[Result "0-1"]
[WhiteElo "1823"]
[BlackElo "1956"]
[PlyCount "40"]
[EventDate "2008.??.??"]
[EventType "match (corr)"]
[EventRounds "2"]
[SourceTitle "Corr 2011"]
[Source "ChessBase"]
[SourceDate "2010.08.31"]
[SourceVersion "1"]
[SourceVersionDate "2010.08.31"]
[SourceQuality "1"]
[WhiteTeam "England"]
[BlackTeam "Germany"]
[WhiteTeamCountry "ENG"]
[BlackTeamCountry "GER"]

1. Nf3 Nf6 2. g3 d5 3. Bg2 g6 4. 0-0 Bg7 5. d3 Nc6 6. Nbd2 d4 7. Nc4 Nd5 8. a4 Bg4 9. Bd2 0-0 10. Qc1 e5 11. Bh6 f6 12. Bxg7 Kxg7 13. c3 Qd7 14. Qc2 b6 15. Rfe1 Bh3 16. Bh1 a5 17. e4 Nde7 18. Rad1 Rad8 19. cxd4 Bg4 20. d5 Bxf3 0-1